000 00757nam a2200217Ia 4500
001 10138
003 GE_BSU
008 181216s||||||||xx |||||||||||||| ||und||
020 _a9789941215698
040 _cGE_BSU
080 _a27-36(479.22)+94(479.22)
245 _aწმინდა თამარ მეფე წ.2
245 _cპროექტის რედ. თამარ მამაცაშვილი.შემდგ. კახაბერ კენკიშვილი
260 _aთბილისი
260 _bპალიტრა L
260 _c2014
300 _a212გვ.20სმ.
541 _h3ლ.
653 _aწმინდა მღვდელმთავარი გაბრიელი
942 _cBK
999 _c43410
_d43410